Malalties respiratòries: Termes clau (Registre núm. 69142)

MARC details
000 -LEADER
campo de control de longitud fija 00793amm a2200229 4500
005 - FECHA Y HORA DE LA ÚLTIMA TRANSACCIÓN
campo de control 20241212095312.0
007 - CAMPO FIJO DE DESCRIPCIÓN FÍSICA--INFORMACIÓN GENERAL
campo de control de longitud fija cr |||||||||||
008 - DATOS DE LONGITUD FIJA--INFORMACIÓN GENERAL
campo de control de longitud fija 241212s2024 2 o | cat cat
041 ## - CÓDIGO DE IDIOMA
Código de lengua del texto/banda sonora o título independiente cat
110 ## - ENTRADA PRINCIPAL--NOMBRE DE ENTIDAD CORPORATIVA
Nombre de entidad corporativa o nombre de jurisdicción como elemento de entrada Catalunya. Departament de Salut
9 (RLIN) 74362
245 ## - MENCIÓN DEL TÍTULO
Título Malalties respiratòries: Termes clau
Medio [en línia]
Mención de responsabilidad, etc. Generalitat de Catalunya. Departament de Salut; TERMCAT, Centre de Terminologia
260 ## - PUBLICACIÓN, DISTRIBUCIÓN, ETC.
Lugar de publicación, distribución, etc. Barcelona
Nombre del editor, distribuidor, etc. TERMCAT, Centre de Terminologia
Fecha de publicación, distribución, etc. 2024
300 ## - DESCRIPCIÓN FÍSICA
Extensión 1 infografia
500 ## - NOTA GENERAL
Publicació TERMCAT termcat
520 ## - RESUMEN, ETC.
Nombre de termes aprox. 100
592 ## - Tipus obra
Tipus d'obra Obra terminològica
593 ## - Codi CGAT
Codi de la CGAT EMA
650 #0 - PUNTO DE ACCESO ADICIONAL DE MATERIA--TÉRMINO DE MATERIA
Término de materia o nombre geográfico como elemento de entrada pneumologia
9 (RLIN) 63651
710 ## - ENTRADA AGREGADA--NOMBRE DE ENTIDAD CORPORATIVA
Nombre de entidad corporativa o nombre de jurisdicción como elemento de entrada TERMCAT
9 (RLIN) 60609
856 ## - LOCALIZACIÓN Y ACCESO ELECTRÓNICOS
Identificador Uniforme de Recursos <a href="https://www.termcat.cat/ca/recursos/productes-multimedia/malalties-respiratories-termes-clau">https://www.termcat.cat/ca/recursos/productes-multimedia/malalties-respiratories-termes-clau</a>
942 ## - ELEMENTOS DE ENTRADA SECUNDARIOS (KOHA)
Tipo de ítem Koha Monografia
Fuente del sistema de clasificación o colocación Clasificación Decimal Dewey
Suprimir en OPAC No
Fons
Estatus retirado Estado de pérdida Estado de daño No para préstamo Biblioteca de origen Biblioteca actual Fecha de adquisición Total de préstamos Visto por última vez Identificador Uniforme de Recursos Precio de reemplazo Tipo de ítem Koha
        Termcat Termcat 12/12/2024   12/12/2024 https://www.termcat.cat/ca/recursos/productes-multimedia/malalties-respiratories-termes-clau 12/12/2024 MO

Implantat amb Koha